História do bom Deus (Record no. 46041)

MARC details
000 -Etiqueta do registo
Valores 00660nam a2200229 4500
010 ## - Número ISBN
ISBN 9789895523733
021 ## - Número do Depósito Legal
Número 278898/08
100 ## - Dados gerais de processamento
Dados gerais 20170509d2008 m y0pory50030103ba
101 1# - Língua de publicação
Língua por
102 ## - País de publicação
País PT
200 1# - Titulo e menção de responsabilidade
Título próprio História do bom Deus
Primeira menção de responsabilidade Rainer Maria Rilke
Outras menções de responsabilidade trad. Sandra Filipe
205 ## - Menção da edição
Edição 1.ª ed.
210 #9 - Publicação
Local de publicação Vila Nova de Famalicão
Nome do editor Quasi Edicões,
Data de publicação 2008
215 ## - Descrição física 
Paginação / Volumes 102, [2] p.
Dimensões 19 cm
304 ## - Nota relativa ao título
Texto de nota Tít. orig.: geschichten vom lieben gott
675 ## - CDU
Notação 821.112.2(436)-34"18/19"
Edição BN
Língua por
700 #1 - Autor principal
Apelido Rilke,
Nome Rainer Maria,
Datas 1875-1926
702 #1 - Autor secundário
Apelido Filipe,
Nome Sandra
Função 730
801 #0 - Fonte de origem
País PT
Agência BN
Regras de catalogação RPC
990 ## - Elementos KOHA
Tipo de documento Livro
Holdings
Aquisição Empréstimo Código de barras Cota Permissão de empréstimo Tipo de documento
Biblioteca Escolar Doutor Hernâni Cidade Biblioteca Escolar Doutor Hernâni Cidade 82893 82-34 RIL CONTOS   Livro

Powered by Koha